| 000 | 00727nam a2200241Ia 4500 | ||
|---|---|---|---|
| 008 | 170203s9999 xx 000 0 und d | ||
| 020 | _a1876689420 | ||
| 050 | _a0 30 | ||
| 050 | _bL349 1999 | ||
| 245 | _aLast mysteries of the world / | ||
| 245 | _cEnglish edition translators, Petra Noyes and John K. Noyes ; editor, Alfred LeMaitre. | ||
| 260 | _aSurry Hills, NSW : | ||
| 260 | _bReader's Digest (Australia), | ||
| 260 | _c1999 | ||
| 300 | _a336 pages : | ||
| 300 | _billustrations (some color), maps ; | ||
| 300 | _c28 cm. | ||
| 500 | _aInclude index; English edition. | ||
| 650 | _aAntiquities. | ||
| 650 | _aCivilization, Ancient -- | ||
| 650 | _aCuriosities and wonders. | ||
| 650 | _xMiscellanea. | ||
| 999 |
_c305750 _d305750 |
||